1391 1081 1542 1973 1735 1300 1378 1405 1668 1872 1846 1796 1325 1597 1071 1390 1106 1851 1112 1006 1863 1700 1711 1189 1859 1209 1513 1289 1258 1657 1583 1794 1518 1339 1467 1478 1652 1570 1283 1742 1821 1846 1957 1171 1020 1544 1875 1294 1981 1022 1979 1777 1678 1994 1106 1102 1686 1260 1081 1856 1259 1707 1738 1526 1634 1165 1049 1243 1289 1688 1972 1323 1738 1298 1015 1922 1554 1409 1630 1010 1484 1877 1118 1260 1356 1805 1738 1984 1711 1295 1436 1000 1846 1282 1344 1739 1469 1361 1736 BCNSPRNW ULIB Ver.6.0+V

เปลี่ยนเป็นภาษาไทย

Change to English
 แสดงรายละเอียดบรรณานุกรม
  กลับหน้าหลัก

Brief Record : Get Marc (ISO 2709) : E-mail record : QR code < ปิดหน้าต่าง
LEADER : 00000nam 2200000uu 4500
001    13399128753
003     ULIB
008    240828s2565||||th 000 0 tha d
020 -  ^a9786168122143
060 -  ^aWB105^bK266
245 -  ^aKEEP Moving Forward/^bดุสิต สถาวร . [และคนอื่นๆ], บรรณาธิการ
260 -  ^aกรุงเทพฯ : สมาคมเวชบำบัดวิกฤตแห่งประเทศไทย,^c2565
300 -  ^axx, 704 หน้า : ภาพประกอบ ; 27 ซม.
504 -  ^aมีบรรณานุกรมและดัชนี
505 -  ^aกุมลมาศ เอกปัต -- Volume responsiveness: what s new /ชัยอนันต์ โสดาภักดิ์ -- Sciences of monitoring: tissue perfusion /พรรัตน์ จินดา -- Monitoring nutrition in ICU /พัทธวุฒิ จันทูปมา -- Respiratory monitoring: blood gas at bedside /สรภพ ภักดีวงศ์ -- Updated endotracheal tube /นลิน โชคงามวงศ์ -- Extubation /อรอุมา ชัยวัฒน์ -- Hypoxemia /ทัศยุ อยู่เย็น -- Pathophysiology of delirium /ณัฐ ตะพานวงษ์ -- Abdominal hypertension, abdominal compartment syndrome, and polycompartment syndrome /กวีศักดิ์ จิตตวัฒนรัตน์ -- Intensive care unit-acquired weakness (ICUAW) /นรินทร์ จินดาเวช -- Formula adjustment in the critically ill patients with diarrhea /รังสรรค์ ภูรยานนทชัย -- Extracorporeal cardiopulmonary resuscitation (ECPR) /นวพร อัษณางค์กรชัย -- Post arrest care /วีรพงศ์ วัฒนาวนิช -- Making ICU a very happy workplace /อำรุง เลียวรักษ์โอฬาร -- Oxygen therapy: from theory to practice /ทนันชัย บุญบูรพงศ์ -- Fluid Challenge /บดินทร์ ขวัญนิมิต -- Transforming my ER to an ICU. /เกียรติชัย ดาวรัตนชัย
650 -  ^aการดูแลขั้นวิกฤต, การแพทย์, ผู้ป่วย--การดูแล, ผู้ป่วยหนัก, ผู้ป่วยวิกฤต--การดูแล, Critical Care, Critical Care--methods, Emergencies, Emergencies--nursing, Internal Medicine, Preventive Health Services, Preventive Medicine
700 -  ^aดุสิต สถาวร, ครรชิต ปิยะเวชวิรัตน์, สัณฐิติ โมรากุล, ภูษิต เฟื่องฟู, บรรณาธิการ
710 -  ^aสมาคมเวชบำบัดวิกฤตแห่งประเทศไทย
945    ^p900^l0^i010676
945    ^p900^l0^i010677
945    ^p900^l0^i010678
999    ^aประนอม เกษจรัล
รายการนี้ยังไม่มีแท็ก
คุณยังไม่ได้ล็อกอิน คุณสามารถมีกิจกรรมร่วมกับเว็บไซต์ได้ แต่ต้องล็อกอินก่อน ::
  ล็อกอิน

รายการสื่อสารสนเทศ

ลำดับที่ ประเภท เลขเรียก/บาร์โค้ด สถานที่ สถานะ
1. วิทยาศาสตร์การแพทย์ และสุขภาพ
หนังสือสำรอง
สถานะ=หนังสือสำรอง
WB105 K266 ฉ.1 
  Barcode: 010676
ห้องสมุดวิทยาเขตสวรรค์ประชารักษ์
►หนังสือทั่วไป
บนชั้น
2. วิทยาศาสตร์การแพทย์ และสุขภาพ
วิทยาศาสตร์การแพทย์ และสุขภาพ
WB105 K266 ฉ.2 
  Barcode: 010677
ห้องสมุดวิทยาเขตสวรรค์ประชารักษ์
►หนังสือทั่วไป
บนชั้น
3. วิทยาศาสตร์การแพทย์ และสุขภาพ
วิทยาศาสตร์การแพทย์ และสุขภาพ
WB105 K266 ฉ.3 
  Barcode: 010678
ห้องสมุดวิทยาเขตสวรรค์ประชารักษ์
►หนังสือทั่วไป
บนชั้น

รายการใกล้เคียง
    หัวเรื่อง [การดูแลขั้นวิกฤต, การแพทย์, ผู้ป่วย--การดูแล, ผู้ป่วยหนัก, ผู้ป่วยวิกฤต--การดูแล, Critical Care, Critical Care--methods, Emergencies, Emergencies--nursing, Internal Medicine, Preventive Health Services, Preventive Medicine]

BibComment


ยังไม่เคยถูกคอมเมนท์

คอมเมนท์ทรัพยากรรายการนี้
  คอมเมนท์: KEEP Moving Forw..


 Copyright 2026. Bcnsprnw @Library